01378cam a22003495i 4500999001700000001001000017003000900027005001700036008004100053020002500094040004100119082001900160100003600179245003300215264005300248264001000301300002900311336002600340337002800366338002700394490006000421504005100481520014100532650003000673650004600703650003600749650004000785653002800825655001700853942001200870952014600882 c27612d27583019251819EG-ScBUE20190911110114.0190128t2019 stk f b 001 0 eng d a9781474440035 (pbk.) aStDuBDSbengerdacStDuBDSdEG-ScBUE04a401.9bCUM2221 aCummins, Chris,eauthor.94182910aPragmatics /cChris Cummins. 1aEdinburgh :bEdinburgh University Press,c[2019] 4cc2019 avii, 223 pages ;c22 cm. atextbtxt2rdacontent aunmediatedbn2rdamedia avolumebnc2rdacarrier0 aEdinburgh textbooks on the English language.a Advanced aIncludes bibliographical references and index. aThe first truly multidisciplinary text of its kind, this book offers an original analysis of the current state of linguistic pragmatics. 7aPragmatics.2BUEsh937316 7aEnglish languagexSemantics.2BUEsh93196 7aPsycholinguistics.2BUEsh98626 7aLanguage acquisition.2BUEsh931982 bHHUUEENNcSeptember2019 vReading book 2ddccBB 00102ddc40708BaccahaMAINbMAINc2NDd2019-09-11ePurchaseg825.00l0o401.9 CUMp000048054r2025-07-15 00:00:00v1031.30w2019-09-11yBB